000 01063nam a2200217Ia 4500
003 OSt
005 20241030153450.0
007 ca aa aaaaa
008 201103s9999 xx 000 0 und d
040 _cSSBUL
041 _abur
082 _223
_a၂၉၄.၃၄၄၃၅ ဣန်
_b၉၃၆၉ S-SAT
100 0 _aဣန္ဒက၊ အရှင်(ဓမ္မာစရိယ)
_917432
245 1 0 _aဓမ္မစကြာဒေသနာဝတ်ရွတ်စဉ် /
_cအရှင်ဣန္ဒက(ဓမ္မာစရိယ)၊ တည်းဖြတ်သူ စံရာတိုက်ဝေဠုဝန်ဆရာတော်။
260 _aရန်ကုန် ၊
_bပင်မရေစီးစာပေ၊
_c၁၉၇၀။
300 _a၉၅ စာမျက်နှာ ၊
_c၁၈ စင်တီ။
500 _aS-SAT: Dr. Sai Aung Tun
650 _aဗုဒ္ဓဘာသာ
_xဝတ်ရွတ်စဉ်
700 _aဝေဠုဝန်ဆရာတော်
_eတည်းဖြတ်သူ
_955121
942 _2ddc
_cBK1
999 _c16874
_d16874